|
|
|
|
| LEADER |
01015nam a22002537a 4500 |
| 001 |
3527 |
| 003 |
BD-DhAAL |
| 005 |
20190110113137.0 |
| 008 |
190110t1989 ph a|||| b||| 00| 0 eng d |
| 999 |
|
|
|c 40400
|d 40400
|
| 040 |
|
|
|a BD-DhAAL
|
| 041 |
|
|
|a ENG
|
| 082 |
|
|
|a 362.52095492
|2 19
|
| 100 |
|
|
|a Sarkar, Sukhendra Kumar
|9 29509
|
| 245 |
|
|
|a Promoting the quality of life of Bangladeshi poor :
|b a strategy for Bangladesh rural advancement committee /
|c Sukhendra Kumar Sarkar ; Fermin A. LA Rosa
|
| 260 |
|
|
|a Manila, Philippines :
|b Asian Institute of Management,
|c 1989
|
| 300 |
|
|
|a vii, 202 pages :
|b illustrations ;
|c 28 cm
|
| 504 |
|
|
|6 Includes bibliographical references.
|
| 541 |
|
|
|a BRAC
|e 3527
|
| 650 |
|
|
|a Poor
|z Bangladesh
|9 29510
|
| 700 |
|
|
|a Rosa, Fermin A. LA
|9 29511
|
| 852 |
|
|
|a Ayesha Abed Library
|c General Stacks
|
| 942 |
|
|
|2 ddc
|c BK
|
| 952 |
|
|
|0 0
|1 0
|2 ddc
|4 0
|6 362_520954920000000_SAR
|7 0
|9 64930
|a BRACUL
|b BRACUL
|c GEN
|d 2019-01-10
|e BRAC
|g 215.00
|l 0
|o 362.52095492 SAR
|p 3010003527
|r 2019-01-10
|t 1
|w 2019-01-10
|y BK
|